000 00775nam a2200229Ii 4500
003 JO-AjNU
008 230605s9999||||xx |||||||||||||| ||und||
017 _a2002/15455
020 _a977-232-315-X
040 _aJO-AjNU
_bara
_erda
_cJO-AjNU
041 _aara
050 1 4 _aBF713.Z3338.2002
100 3 _aزهران،حامد عبد السلام ، سري،إجلال محمد,
_eauthor
_926826
245 0 0 _aدراسات في علم نفس النمو
250 _aط1
264 3 1 _aالقاهرة:عالم الكتب للنشر والتوزيع والطباعة، 2002
300 _a439ص
336 _atext
_btxt
_2rdacontent
337 _aunmediated
_bn
_2rdamedia
338 _avolume
_bnc
_2rdacarrier
650 4 _aعلم النفس الارتقائي
_926827
999 _aA10212
_c13780
_d13780